| 000 | 00858nam a22002177a 4500 | ||
|---|---|---|---|
| 005 | 20110906120010.0 | ||
| 010 | _aG-001384 | ||
| 020 |
_c120.00 _a8189622331 |
||
| 035 | _aG-001384 | ||
| 037 | _bGift | ||
| 082 | _a303.6250954 | ||
| 100 |
_aGhosh, Kunal _934492 |
||
| 245 |
_aSeparatism in North-East India: _cby Kunal Ghosh with Vikas Kumar _brole of religion, language and script / |
||
| 260 |
_aNew Delhi _bSuruchi Prakashan _c2008 |
||
| 270 |
_aKeshav Kunj, Jhandewala _bNew Delhi _e110055 |
||
| 300 |
_axviii, 247p. _c23cm(pbk) |
||
| 700 |
_aVikas Kumar _934493 |
||
| 942 |
_2ddc _cEN _h303.6250954 _mGHO |
||
| 999 |
_c56385 _d56385 |
||